000 00840nam a2200253Ia 4500
003 OSt
005 20220923215034.0
006 a|||||r|||| 00| 0
007 ta
008 220922b |||||||| |||| 00| 0 hin d
024 _a175,101
037 _cTextual
040 _aARTS
_cARTS
_bhin
041 _2hin
_ahin
082 _aY:351, 152K5
100 _aसहल, कन्हैयालाल
245 0 _aलोक कथाओं के कुछ रूढ़ तन्तु
246 _aLok kathāoan ke kuchh rūढ़ tantu
260 _aइलाहाबाद
_b किताब महल
_c1965
300 _a197पृ.
_ccm.
650 _aभारतीय-लोक साहित्य
942 _hY:351, 152K5
_cTEXL
_2CC
999 _c328805
_d328805